Sistemas de estructurais
| Main Author: | |
|---|---|
| Format: | Section = Libro |
| Language: | Undetermined Spanish |
| Published: |
España
Gustavo Gili
2001
|
| Subjects: |
| LEADER | 00562nam a2200217Ia 4500 | ||
|---|---|---|---|
| 008 | 240829s9999 xx 000 0 und d | ||
| 020 | |a 84-252-1800-4 | ||
| 040 | |a BIBLIOTECA-RUSB/ 721 E57 | ||
| 041 | |a spa | ||
| 082 | |a 721 E57 | ||
| 100 | 1 | |a Engel, Heino | |
| 245 | 1 | 0 | |a Sistemas de estructurais |
| 260 | |a España |b Gustavo Gili |c 2001 | ||
| 300 | |a 351 p. :il. | ||
| 650 | 7 | |a ESTRUCTURA ARQUITECTONICA | |
| 650 | 7 | |b CERCHAS | |
| 650 | 7 | |c ESTRUCTURA NEUMATICAS | |
| 650 | 7 | |d SISTEMAS DE ESTRUCTURAS - HIBRICOS | |
| 942 | |c BK |2 ddc | ||
| 991 | |a TEXTO | ||
| 999 | |c 5107 | ||